Nickelodeon All-Star Brawl 2 Characters - Statistics

General Stats
  • This quiz has been taken 94 times
  • The average score is 17 of 25
Answer Stats
Franchise Character % Correct
Avatar: The Last Airbender Aang
92%
Garfield Garfield
87%
Danny Phantom Danny Phantom
86%
Jimmy Neutron Jimmy Neutron
86%
SpongeBob SquarePants SpongeBob
86%
The Legend of Korra Korra
85%
SpongeBob SquarePants Patrick
85%
SpongeBob SquarePants Squidward
79%
Invader Zim Zim
79%
The Ren & Stimpy Show Ren and Stimpy
73%
Rocko’s Modern Life Rocko
73%
SpongeBob SquarePants Plankton
70%
Teenage Mutant Ninja Turtles Raphael
68%
Teenage Mutant Ninja Turtles Donatello
66%
El Tigre: The Adventures of Manny Rivera El Tigre
66%
The Loud House Lucy Loud
66%
Teenage Mutant Ninja Turtles April O’Neil
63%
My Life as a Teenage Robot Jenny
63%
The Wild Thornberrys Nigel Thornberry
59%
Rugrats Reptar
52%
Avatar: The Last Airbender Azula
51%
Hey Arnold! Gerald
49%
The Angry Beavers The Angry Beavers
45%
Danny Phantom Ember
44%
Hey Arnold! Grandma Gertie
39%
No matching quizzes found
Score Distribution
Percent of People with Each Score
Percentile by Number Answered
Your Score History
You have not taken this quiz